Responses for Show #3978 - Wednesday, December 12, 2001

Contestants

[<< previous game]

Tracy Bond Bird, a television and commercial announcer from Louisville, Kentucky

Christopher Seivard, a cinematographer from Hershey, Pennsylvania

M J Selle, a freelance writer and editor from Katy, Texas (whose 1-day cash winnings total $17,600)

[next game >>]

Jeopardy! Round responses

ROCK "E"
RACCOON
JESTERDAY
HELLO, GOOD BUY
COME TO GATHER
I WANT TO HOLD YOUR HUN
    $200 2
Keith Emerson

M J
    $200 7
5

M J
    $200 12
King Arthur

Tracy
    $200 17
Coca-Cola

M J
    $200 26
harvest

Tracy
    $200 1
Attila

Tracy
    $400 3
Endless

Tracy
    $400 8
(M J: What is a raccoon cap?)

coonskin caps

M J
    $400 13
Jonathan Swift

Christopher
    $400 18
Chrysler

M J
    $400 27
(M J: What is collect $200?)

collect

M JTracy
    $400 22
his horse

M J
    $600 4
"Every Rose Has Its Thorn" (by Poison)

Tracy
    $600 9
mask

M J
    $400 14
his skull (Yorick's)

Christopher
    $600 19
(Christopher: What is blood pressure?)

cholesterol

M JChristopher
    $600 28
reap

Tracy
    $600 23
Sofia

M J
    $800 5
Everclear

Christopher
    $800 10
Mark Twain

Christopher
    $800 15
bauble

Tracy
    $800 20
Xerox

Christopher
    $800 29
(M J: What is the United Nations?)
(Christopher: What is New York City?)
...
(Alex: Sofia was standing behind the main lectern on the podium there at [*].)
[The end-of-round signal sounds.]

the General Assembly

M JChristopher
Triple Stumper
    $800 24
(Christopher: What is France?)
(Alex: We were going for what it was called then, not what it is called now.)

Gaul

Christopher
Triple Stumper
    $1000 6
Experience Music Project

Triple Stumper
    $1000 11
the Whig Party

Triple Stumper
    $1000 16
(M J: Who is Charles II?)

Charles I

M J
Triple Stumper
    $1000 21
Cisco

Christopher
    $1000 25
(Tracy: Who were the Mongols?)

Goths

M JTracy

Scores at the first commercial break (after clue 14):

M J Christopher Tracy
$1,400 $2,400 $1,400

Scores at the end of the Jeopardy! Round:

M J Christopher Tracy
$2,400 $2,000 $2,400

Double Jeopardy! Round responses

MEET THE BEETLES
LANDLOCKED COUNTRIES
ITALIAN ART & ARTISTS
MOVIE CROSSWORD CLUES "M"
BRIT LIT
BEFORE & AFTER
    $400 17
300,000

Tracy
    $400 22
(M J: What is Kazakhstan?)

Afghanistan

M J
Triple Stumper
    $400 16
John the Baptist

M J
    $400 11
MGM

Tracy
    $400 2
D.H. Lawrence

M J
    $400 1
Petula Clark Kent

M J
    $800 18
Volkswagen

Tracy
    $800 23
(M J: What is Paraguay?)

Bolivia

M JChristopher
    $800 25
Andrea del Sarto

Triple Stumper
    $800 12
Maltese

Tracy
    $800 3
Geoffrey Chaucer

Christopher
    $800 4
Lenny Bruce Springsteen

Tracy
    $1200 19
Colorado beetle

Christopher
    $1200 24
(M J: What is Liechtenstein?)
....
(Alex: Minute to go now.)

Luxembourg

M JChristopher
    $1200 26
Napoleon

M J
    $1200 13
Midnight

Tracy
    $1,000 8
Rudyard Kipling

Christopher
    $1200 5
Sundance Kid gloves

Christopher
    $1600 20
dung beetle

Tracy
    $400 29
(Tracy: Luxembourg?)
...
[The end-of-round signal sounds.]

Andorra

Tracy
    $1600 27
Lazarus

Tracy
    $1600 14
Magnolias

Christopher
    $1600 9
Rob Roy

M J
    $1600 6
Kobe Bryant Gumbel

Triple Stumper
    $2000 21
stag beetle

Tracy
    $2000 28
Florence

Triple Stumper
    $2000 15
Mastroianni

Christopher
    $2000 10
Graham Greene

Triple Stumper
    $2000 7
Percy Bysshe Shelley Winters

Triple Stumper

Scores at the end of the Double Jeopardy! Round:

M J Christopher Tracy
$4,000 $11,800 $11,600

[wagering suggestions for these scores]

Final Jeopardy! Round responses

TV SPIN-OFFS
M JWhat is Lou Grant
$4,000
TracyWhat is Lou Grant?
$11,600
ChristopherWhat is Lou Grant?
$9,000
Lou Grant or Trapper John, M.D.

Final scores:

M J Christopher Tracy
$8,000 $20,800 $23,200
3rd place: Trip to Outrigger Hotel, Waikiki Beach, Hawaii 2nd place: Trip to France New champion: $23,200

Game dynamics:

Coryat scores:

M J Christopher Tracy
$4,000 $12,200 $12,000
15 R,
6 W
14 R
(including 2 DDs),
3 W
17 R,
2 W
(including 1 DD)

Combined Coryat: $28,200

[game clues] [game scores] [suggest correction]

Game tape date: 2001-09-06
The J! Archive is created by fans, for fans. Scraping, republication, monetization, and malicious use prohibited; this site may use cookies and collect identifying information. See terms. The Jeopardy! game show and all elements thereof, including but not limited to copyright and trademark thereto, are the property of Jeopardy Productions, Inc. and are protected under law. This website is not affiliated with, sponsored by, or operated by Jeopardy Productions, Inc. Join the discussion at JBoard.tv.